| 000 | 00000nam 2200000za 4500 |
| 001 | 9.850998 |
| 003 | CaOODSP |
| 005 | 20221107154305 |
| 007 | cr ||||||||||| |
| 008 | 180201s2006 qucao #o f000 0 eng d |
| 040 | |aCaOODSP|beng |
| 043 | |an-cn--- |
| 086 | 1 |aR5-673/2006E-PDF |
| 245 | 04|aThe legend of Kiviuq as retold in the drawings of Nancy Pukirnak Aupaluktuq |h[electronic resource]. |
| 260 | |aGatineau, Quebec : |bDepartment of Indian and Northern Affairs Canada, |c2006. |
| 300 | |axii, 50, [1] p. : |bill., photographs |
| 500 | |aIssued also in French under title: La légende de Kiviuq racontée par les dessins de Nancy Pukirnak Aupaluktuq. |
| 500 | |a"An exhibition by the Indian and Inuit Art Gallery, Department of Indian and Northern Affairs Canada, July 20 - November 30, 2006, Gatineau, Québec." |
| 500 | |aDigitized edition from print [produced by Indigenous and Northern Affairs Canada]. |
| 520 | |a"Oral history is a deep-rooted tradition in the Inuit culture. Stories were told as a past-time, for enjoyment, or to break the silence of a long hunting trip. Some legends are creation stories- telling of how things came to be, and others, to instill values and morals while simultaneously discouraging bad behaviour"--Preface, p. vii. |
| 692 | 07|2gccst|aAboriginal culture |
| 692 | 07|2gccst|aDrawings |
| 692 | 07|2gccst|aInuit |
| 700 | 1 |aPukingrnak Aupaluktuq, Nancy, |d1940- |
| 710 | 1 |aCanada. |bIndian and Northern Affairs Canada. |
| 775 | 08|tLa légende de Kiviuq racontée par les dessins de Nancy Pukirnak Aupaluktuq |w(CaOODSP)9.853686 |
| 856 | 40|qPDF|s46.25 MB|uhttps://publications.gc.ca/collections/collection_2018/aanc-inac/R5-673-2006-eng.pdf |